Guess the 1970s song lyrics #85 - Statistics

General Stats
  • This quiz has been taken 42 times
  • The average score is 176 of 306
Answer Stats
Answer % Correct
I
100%
a
94%
and
91%
And
91%
me
89%
my
89%
the
89%
for
83%
to
83%
To
83%
he
80%
in
80%
it
80%
When
80%
when
80%
You
80%
We
77%
we
77%
be
74%
on
74%
as
71%
no
71%
of
71%
all
69%
da
69%
if
69%
mine
69%
was
69%
every
66%
just
66%
good
63%
Good
63%
La
63%
la
63%
nothin
63%
Nothin
63%
out
63%
That
63%
that
63%
time
63%
Bobby
60%
can
60%
free
60%
McGee
60%
One
60%
one
60%
him
57%
I'll
57%
way
57%
But
54%
left
54%
enough
51%
From
51%
from
51%
hand
51%
knew
51%
lose
51%
us
51%
blues
49%
day
49%
down
49%
He's
49%
know
49%
while
49%
word
49%
yeah
49%
Yeah
49%
ain't
46%
another
46%
baby
46%
feelin
46%
holdin
46%
now
46%
sang
46%
song
46%
Bobby's
43%
easy
43%
hope
43%
let
43%
man
43%
next
43%
said
43%
up
43%
away
40%
before
40%
don't
40%
finds
40%
Lord
40%
sun
40%
coal
37%
everything
37%
faded
37%
Freedom's
37%
jeans
37%
Kentucky
37%
lookin
37%
New
37%
Baton
34%
body
34%
Busted
34%
did
34%
diesel
34%
driver
34%
kinds
34%
lover
34%
mean
34%
near
34%
Orleans
34%
Rouge
34%
single
34%
that's
34%
Through
34%
through
34%
tomorrows
34%
Well
34%
yesterday
34%
flat
31%
home
31%
rained
31%
secrets
31%
slappin
31%
slip
31%
soul
31%
trade
31%
train
31%
waitin
31%
Windshield
31%
wipers
31%
bandana
29%
California
29%
dirty
29%
done
29%
harpoon
29%
pulled
29%
red
29%
shared
29%
weather
29%
kept
26%
rode
26%
thumbed
26%
cold
23%
come
23%
Hey
23%
hey
23%
playin
23%
honey
20%
soft
20%
Salinas
17%
best
14%
called
14%
Bobby
6%
No matching quizzes found
Score Distribution
Percent of People with Each Score
Percentile by Number Answered
Your Score History
You have not taken this quiz